[Event "Zaragoza-ch Segunda 1st"]
[Site "Zaragoza"]
[Date "2014.11.16"]
[Round "7.4"]
[White "Vallejo Blasco, Arturo"]
[Black "Gonzalez Corredor, Arturo"]
[Result "1-0"]
[WhiteElo "1626"]
[BlackElo "1582"]
[PlyCount "143"]
[EventDate "2014.09.28"]
[EventType "swiss"]
[EventRounds "9"]
[EventCountry "ESP"]
[SourceTitle "EXT 2024"]
[Source "ChessBase"]
[SourceDate "2023.10.10"]
[SourceVersion "1"]
[SourceVersionDate "2023.10.10"]
[SourceQuality "1"]

1. e4 e6 2. Nf3 d5 3. exd5 exd5 4. d4 Nf6 5. Bd3 Bg4 6. 0-0 Be7 7. Bf4 0-0 8. Nbd2 Re8 9. c3 Bd6 10. Bg5 Nbd7 11. Re1 Rxe1+ 12. Qxe1 Qe8 13. Kf1 Qxe1+ 14. Rxe1 Re8 15. h3 Rxe1+ 16. Kxe1 Be6 17. Ke2 h6 18. Be3 Nh5 19. Kf1 Nf4 20. Bc2 c6 21. Nb3 Bc7 22. Ne5 Nh5 23. g4 Nhf6 24. f4 Nf8 25. Kg2 Ne8 26. Nc5 Bc8 27. f5 f6 28. Ned3 Nd7 29. Ne6 Nb6 30. Nxc7 Nxc7 31. Bf4 Ne8 32. b3 Kf7 33. Nc5 Ke7 34. Kg3 Nd7 35. Nd3 Nd6 36. Nf2 Nb5 37. Nd1 a6 38. a4 Nd6 39. Kh4 Nf8 40. Kg3 Nd7 41. Ne3 b5 42. Bxd6+ Kxd6 43. a5 c5 44. b4 cxd4 45. cxd4 Nb8 46. Bb3 Bb7 47. Kh4 Nd7 48. Kh5 Nf8 49. Ng2 Ke7 50. Nf4 Kd6 51. Ng6 Nd7 52. Nf4 Nf8 53. Nd3 Bc8 54. Nf4 Bb7 55. Ba2 Bc6 56. Nd3 Bb7 57. Bb3 Bc8 58. Nc5 Kc6 59. Ba2 Kd6 60. Nd3 Bb7 61. h4 Ke7 62. Nf4 Kd6 63. g5 hxg5 64. hxg5 Bc6 65. gxf6 gxf6 66. Kh6 Nd7 67. Kg7 Bb7 68. Kf7 Bc6 69. Nh5 Ne5+ 70. dxe5+ fxe5 71. Kg7 Ke7 72. f6+ 1-0

[Event "Zaragoza-ch Segunda 1st"]
[Site "Zaragoza"]
[Date "2014.11.09"]
[Round "6.4"]
[White "Martin Ferrero, Fernando"]
[Black "Vallejo Blasco, Arturo"]
[Result "0-1"]
[WhiteElo "1575"]
[BlackElo "1626"]
[PlyCount "36"]
[EventDate "2014.09.28"]
[EventType "swiss"]
[EventRounds "9"]
[EventCountry "ESP"]
[SourceTitle "EXT 2024"]
[Source "ChessBase"]
[SourceDate "2023.10.10"]
[SourceVersion "1"]
[SourceVersionDate "2023.10.10"]
[SourceQuality "1"]

1. e4 e5 2. Nf3 Nc6 3. Bb5 a6 4. Ba4 d6 5. c3 Nf6 6. 0-0 Nxe4 7. d4 b5 8. Re1 Be7 9. Rxe4 bxa4 10. Qxa4 Bd7 11. Qd1 Bf5 12. Re1 e4 13. Nbd2 exf3 14. Qxf3 Bd7 15. Nc4 0-0 16. d5 Na7 17. Qg3 Bh4 18. Qf3 Qf6 0-1

[Event "Zaragoza-ch Segunda 1st"]
[Site "Zaragoza"]
[Date "2014.10.26"]
[Round "4.2"]
[White "Miranda Herrera, Miguel"]
[Black "Vallejo Blasco, Arturo"]
[Result "1-0"]
[WhiteElo "1569"]
[BlackElo "1626"]
[PlyCount "103"]
[EventDate "2014.09.28"]
[EventType "swiss"]
[EventRounds "9"]
[EventCountry "ESP"]
[SourceTitle "EXT 2024"]
[Source "ChessBase"]
[SourceDate "2023.10.10"]
[SourceVersion "1"]
[SourceVersionDate "2023.10.10"]
[SourceQuality "1"]

1. d3 d6 2. Nf3 e5 3. g3 Nf6 4. Bg2 Be6 5. 0-0 Qd7 6. Ng5 Bd5 7. e4 Be6 8. Nxe6 Qxe6 9. Nc3 Nc6 10. Be3 Be7 11. Nb5 Qd7 12. d4 Nd8 13. Nc3 0-0 14. dxe5 dxe5 15. Qxd7 Nxd7 16. Rfd1 Nf6 17. h3 Nc6 18. Nd5 Nxd5 19. Rxd5 Rad8 20. Rad1 Nb4 21. Rxd8 Rxd8 22. Rxd8+ Bxd8 23. c3 Nd3 24. b3 h6 25. Bf1 Ne1 26. Be2 Nc2 27. Bc1 Be7 28. b4 Bg5 29. f4 exf4 30. gxf4 Bh4 31. Kf1 Kf8 32. Bd2 a6 33. a4 c6 34. Bd3 Na1 35. Ke2 Nb3 36. Be3 a5 37. Bc4 axb4 38. Bxb3 bxc3 39. Bc5+ Ke8 40. Bd4 Bf6 41. Bxf6 gxf6 42. Kd3 b5 43. a5 Kd7 44. Kxc3 c5 45. Bxf7 Kc7 46. Bd5 Kb8 47. e5 fxe5 48. fxe5 Ka7 49. e6 Ka6 50. e7 b4+ 51. Kc4 Kxa5 52. e8Q 1-0